<?xml version="1.0" encoding="UTF-8"?>
<record
    xmlns:xsi="http://www.w3.org/2001/XMLSchema-instance"
    xsi:schemaLocation="http://www.loc.gov/MARC21/slim http://www.loc.gov/standards/marcxml/schema/MARC21slim.xsd"
    xmlns="http://www.loc.gov/MARC21/slim">

  <leader>01086 am a2200229 a 4500</leader>
  <controlfield tag="005">20240701095332.0</controlfield>
  <controlfield tag="008">100930s1971||||ag d   f |||| 001 0 spa d</controlfield>
  <datafield tag="020" ind1=" " ind2=" ">
    <subfield code="a">S/N</subfield>
  </datafield>
  <datafield tag="041" ind1=" " ind2=" ">
    <subfield code="a">spa</subfield>
  </datafield>
  <datafield tag="092" ind1=" " ind2=" ">
    <subfield code="c">515.021</subfield>
    <subfield code="l">18</subfield>
    <subfield code="s">DYB</subfield>
  </datafield>
  <datafield tag="100" ind1="1" ind2=" ">
    <subfield code="a">Dybkaer, R.</subfield>
    <subfield code="9">1416</subfield>
  </datafield>
  <datafield tag="245" ind1=" " ind2=" ">
    <subfield code="a">Magnitudes y unidades en qu&#xED;mica cl&#xED;nica.</subfield>
    <subfield code="b">Incluye la Recomendaci&#xF3;n 1966 de la Comisi&#xF3;n de Qu&#xED;mica Cl&#xED;nica, de la Uni&#xF3;n Internacional de Qu&#xED;mica Pura y Aplicada y de la Federaci&#xF3;n Internacional de Qu&#xED;mica Cl&#xED;nica / </subfield>
    <subfield code="c">R. Dykaer</subfield>
  </datafield>
  <datafield tag="250" ind1=" " ind2=" ">
    <subfield code="a">1a ed. en espa&#xF1;ol</subfield>
    <subfield code="b">Traducci&#xF3;n Luis Bertello.</subfield>
  </datafield>
  <datafield tag="260" ind1=" " ind2=" ">
    <subfield code="a">Buenos Aires: </subfield>
    <subfield code="b">EUDEBA;</subfield>
    <subfield code="c">1971.</subfield>
  </datafield>
  <datafield tag="300" ind1=" " ind2=" ">
    <subfield code="a">90 p.</subfield>
  </datafield>
  <datafield tag="500" ind1=" " ind2=" ">
    <subfield code="a">Dykaer, R. y Jorgensen, K. (1971). Magnitudes y unidades en qu&#xED;mica cl&#xED;nica. Incluye la Recomendaci&#xF3;n 1966 de la Comisi&#xF3;n de Qu&#xED;mica Cl&#xED;nica, de la Uni&#xF3;n Internacional de Qu&#xED;mica Pura y Aplicada y de la Federaci&#xF3;n Internacional de Qu&#xED;mica Cl&#xED;nica. (1a ed.). Buenos Aires : EUDEBA.</subfield>
  </datafield>
  <datafield tag="653" ind1=" " ind2=" ">
    <subfield code="a">Magnitudes y unidades</subfield>
  </datafield>
  <datafield tag="653" ind1=" " ind2=" ">
    <subfield code="a">Qu&#xED;mica cl&#xED;nica</subfield>
  </datafield>
  <datafield tag="700" ind1="1" ind2=" ">
    <subfield code="a">Jorgensen, K.</subfield>
    <subfield code="9">1417</subfield>
  </datafield>
  <datafield tag="930" ind1=" " ind2=" ">
    <subfield code="a">755</subfield>
  </datafield>
  <datafield tag="942" ind1=" " ind2=" ">
    <subfield code="2">ddc</subfield>
    <subfield code="c">BK</subfield>
  </datafield>
  <datafield tag="999" ind1=" " ind2=" ">
    <subfield code="c">778</subfield>
    <subfield code="d">778</subfield>
  </datafield>
  <datafield tag="952" ind1=" " ind2=" ">
    <subfield code="0">0</subfield>
    <subfield code="1">0</subfield>
    <subfield code="4">0</subfield>
    <subfield code="7">0</subfield>
    <subfield code="a">BFM</subfield>
    <subfield code="b">BFM</subfield>
    <subfield code="c">CR</subfield>
    <subfield code="d">2011-05-13</subfield>
    <subfield code="l">0</subfield>
    <subfield code="o">515.021 18 DYB</subfield>
    <subfield code="p">755</subfield>
    <subfield code="r">2014-11-06</subfield>
    <subfield code="t">ej.1</subfield>
    <subfield code="w">2011-05-13</subfield>
    <subfield code="y">BK</subfield>
  </datafield>
</record>
